000 00650nam a2200253Ia 4500
003 OSt
005 20221007112723.0
006 a|||||r|||| 00| 0
007 ta
008 221006b |||||||| |||| 00| 0 eng d
024 _a29,251
037 _cTextual
040 _aLCO
_cLCO
_beng
041 _2eng
_aeng
082 _aY15:4:6, Q1
100 _aParihar Lalita Dhar
_9294663
245 0 _aWomen and Law
250 _aIst
260 _aLucknow
_bEastern Book Company India
_c2011
300 _a485
650 _aWOMEN AND LAW
_9705056
942 _hY15:4:6, Q1
_cTEXL
999 _c1198814
_d1198814